<?xml version="1.0" encoding="UTF-8"?>
<record
    xmlns:xsi="http://www.w3.org/2001/XMLSchema-instance"
    xsi:schemaLocation="http://www.loc.gov/MARC21/slim http://www.loc.gov/standards/marcxml/schema/MARC21slim.xsd"
    xmlns="http://www.loc.gov/MARC21/slim">

  <leader>01057nam a2200229 a 4500</leader>
  <controlfield tag="003">DO-SdBNP</controlfield>
  <controlfield tag="005">20220117112523.0</controlfield>
  <controlfield tag="007">ta</controlfield>
  <controlfield tag="008">211027e2014    dr  od|frt||| 001 0 spa d</controlfield>
  <datafield tag="040" ind1=" " ind2=" ">
    <subfield code="a">DO-SdBNP</subfield>
    <subfield code="c">spa</subfield>
    <subfield code="d">BNPHU</subfield>
  </datafield>
  <datafield tag="082" ind1=" " ind2="4">
    <subfield code="2">22</subfield>
    <subfield code="b">C7c</subfield>
  </datafield>
  <datafield tag="111" ind1="2" ind2=" ">
    <subfield code="9">58522</subfield>
    <subfield code="a">Asamblea general ordinaria de delegados</subfield>
    <subfield code="n">(XLIV: </subfield>
    <subfield code="d">2015:</subfield>
    <subfield code="c">Juan Dolio, San Pedro de Macor&#xED;s: Rep&#xFA;blica Dominicana)</subfield>
  </datafield>
  <datafield tag="245" ind1="1" ind2="0">
    <subfield code="a">XLIV asamblea general ordinaria de delegados :</subfield>
    <subfield code="b">informe correspondiente al a&#xF1;o 2014 /</subfield>
    <subfield code="c">COOPNAMA</subfield>
  </datafield>
  <datafield tag="246" ind1=" " ind2=" ">
    <subfield code="a">Cuadrag&#xE9;simo cuarta asamblea general ordinaria de delegados :</subfield>
    <subfield code="b">informe correspondiente al a&#xF1;o 2014</subfield>
  </datafield>
  <datafield tag="260" ind1=" " ind2=" ">
    <subfield code="a">Santo Domingo :</subfield>
    <subfield code="b">Cooperativa Nacional de Servicios M&#xFA;ltiples de los Maestros,</subfield>
    <subfield code="c">2015</subfield>
  </datafield>
  <datafield tag="300" ind1=" " ind2=" ">
    <subfield code="a">128 p. :</subfield>
    <subfield code="b">il., fot., graf. ;</subfield>
    <subfield code="c">29 cm.</subfield>
  </datafield>
  <datafield tag="590" ind1=" " ind2=" ">
    <subfield code="a">Inventariado 2021 / MF</subfield>
  </datafield>
  <datafield tag="611" ind1="2" ind2="4">
    <subfield code="9">58522</subfield>
    <subfield code="a">Asamblea general ordinaria</subfield>
    <subfield code="c">(San Pedro de Macor&#xED;s: Rep&#xFA;blica Dominicana</subfield>
    <subfield code="d">2015)</subfield>
  </datafield>
  <datafield tag="710" ind1="2" ind2=" ">
    <subfield code="9">74554</subfield>
    <subfield code="a">Cooperativa Nacional de Servicios M&#xFA;ltiples de los Maestros (Rep&#xFA;blica Dominicana)</subfield>
  </datafield>
  <datafield tag="910" ind1=" " ind2=" ">
    <subfield code="a">MF&#xE9;liz</subfield>
  </datafield>
  <datafield tag="942" ind1=" " ind2=" ">
    <subfield code="2">ddc</subfield>
    <subfield code="c">LBS1</subfield>
  </datafield>
  <datafield tag="952" ind1=" " ind2=" ">
    <subfield code="0">0</subfield>
    <subfield code="1">0</subfield>
    <subfield code="2">ddc</subfield>
    <subfield code="5">1</subfield>
    <subfield code="7">0</subfield>
    <subfield code="8">PD</subfield>
    <subfield code="a">BNPHU</subfield>
    <subfield code="b">PD</subfield>
    <subfield code="c">HD</subfield>
    <subfield code="d">2021-10-27</subfield>
    <subfield code="l">0</subfield>
    <subfield code="o">C7c</subfield>
    <subfield code="p">2021-27649</subfield>
    <subfield code="r">2021-10-27</subfield>
    <subfield code="w">2021-10-27</subfield>
    <subfield code="y">LFPD</subfield>
  </datafield>
  <datafield tag="999" ind1=" " ind2=" ">
    <subfield code="c">50819</subfield>
    <subfield code="d">50819</subfield>
  </datafield>
</record>
